| 000 | 00672nam a2200241Ia 4500 | ||
|---|---|---|---|
| 003 | OSt | ||
| 005 | 20220918182230.0 | ||
| 006 | a|||||r|||| 00| 0 | ||
| 007 | ta | ||
| 008 | 220917b |||||||| |||| 00| 0 eng d | ||
| 024 | _a31,342 | ||
| 037 | _cTextual | ||
| 040 |
_aARTS _cARTS _beng |
||
| 041 |
_2eng _aeng |
||
| 082 | _aO111,6M72x, K4 | ||
| 100 |
_aKnight G. Wilson _911509 |
||
| 245 | 0 |
_aSaturnian quest _b A chart of prose works of John Cowper Powys |
|
| 260 |
_aLondon _bMathuen UK _c1964 |
||
| 300 |
_a139p. _ccm. |
||
| 650 | _aENGLISH LITERATURE | ||
| 942 |
_hO111,6M72x, K4 _cTEXL _2CC |
||
| 999 |
_c168241 _d168241 |
||